000 00599nam a2200193Ia 4500
003 GCL
008 140319s9999 xx 000 0 ara d
040 _aGCL /
_cGCL
082 0 4 _a813.03
_bح ن
100 1 _aحنا مينة
245 1 0 _aناظم حكمت: السجن. المراه. الحياه /
_cحنا مينة
260 _aبيروت :
_bدار الادب ،
_c1983
490 _aكتاب
_v0
650 0 4 _aالادب العربى
650 0 4 _aالادب العربى - تاريخ ونقد
650 0 4 _aالشعراء - تراجم
650 0 4 _aناظم حكمت
942 _2ddc
_cBK
999 _c42472
_d42472